Translate Cities to English #1 — India - Statistics

General Stats
  • This quiz has been taken 10 times
  • The average score is 6 of 10
Answer Stats
Native Name English Name % Correct
Bengaluru Bangalore
90%
Mumbai Bombay
90%
Kolkata Calcutta
90%
Chennai Madras
70%
Pune Poona
50%
Kochi Cochin
40%
Varanasi Benares
30%
Kozhikode Calicut
30%
Guwahati Gauhati
30%
Jalandhar Jullundur
30%
No matching quizzes found
Score Distribution
Percent of People with Each Score
Percentile by Number Answered
Your Score History
You have not taken this quiz